Ensayo de fisiología sintética (Registro nro. 184397)

Detalles MARC
000 -LEADER
campo de control de longitud fija 00946nam a2200217 i 4500
001 - NÚMERO DE CONTROL
campo de control 184397
003 - IDENTIFICADOR DE NÚMERO DE CONTROL
campo de control ES-MaACL
005 - FECHA Y HORA DE LA ÚLTIMA TRANSACCIÓN
campo de control 20230906222201.0
008 - DATOS DE LONGITUD FIJA--INFORMACIÓN GENERAL
campo de control de longitud fija 150818s1898 sp a |||| | spa d
100 0# - ENTRADA PRINCIPAL--NOMBRE DE PERSONA
Nombre de persona Papus.
9 (RLIN) 88891
245 10 - MENCIÓN DEL TÍTULO
Título Ensayo de fisiología sintética
Resto del título : con 35 dibujos esquemáticos /
Mención de responsabilidad, etc. Dr. Encausse-Papus ; traducido por Doctor F. Bercero (IAN), Alfredo R. de Aldao (Aymerich).
260 ## - PUBLICACIÓN, DISTRIBUCIÓN, ETC.
Lugar de publicación, distribución, etc. Madrid :
Nombre del editor, distribuidor, etc. [s.n.],
Fecha de publicación, distribución, etc. 1898 (
Fabricante Est. Tip. de A. Avrial)
300 ## - DESCRIPCIÓN FÍSICA
Extensión 143 p. :
Otras características físicas il. ;
Dimensiones 19 cm.
500 ## - NOTA GENERAL
Nota general Con el retr. del autor.
504 ## - NOTA DE BIBLIOGRAFÍA, ETC.
Nota de bibliografía, etc. El autor consta en la biogr. del mismo, p. 9.
504 ## - NOTA DE BIBLIOGRAFÍA, ETC.
Nota de bibliografía, etc. Precede al tít.: Biblioteca del Grupo Independiente de Estudios Esotéricos de Madrid.
650 #4 - PUNTO DE ACCESO ADICIONAL DE MATERIA--TÉRMINO DE MATERIA
Término de materia o nombre geográfico como elemento de entrada Fisiología humana.
9 (RLIN) 12890
700 1# - ENTRADA AGREGADA--NOMBRE PERSONAL
Nombre de persona Bercero Guerra, Fructuoso Francisco.
9 (RLIN) 157256
700 1# - ENTRADA AGREGADA--NOMBRE PERSONAL
Nombre de persona R. de Aldao, Alfredo R.
9 (RLIN) 157257
852 ## - LOCALIZACIÓN
Ubicación ES-MaACL
Número de control de estantería T-882-F-1
Nota libre .- Dedicatoria autógrafa del dr. Bercero al Ateneo
Existencias
Estatus retirado Estado de pérdida Estado de daño No para préstamo Colección Biblioteca de origen Biblioteca actual Ubicación en estantería Fecha de adquisición Fuente de adquisición Total de préstamos Signatura topográfica completa Código de barras Visto por última vez Precio de reemplazo Tipo de ítem Koha
        Colección de folletos Biblioteca del Ateneo de Madrid Biblioteca del Ateneo de Madrid Depósito folletos 18/08/2015     T-882-F-2 1194035 23/02/2023 23/02/2023 Folleto